000 00702nam a2200241Ia 4500
003 0100
008 130307s9999 xx 000 0 und d
040 _cARRUPELIB
050 _aRA644.A25S559 1988
100 _aShorter, Aylward
245 4 _aThe church and AIDS in Africa
245 _ba case study: Nairobi city
260 _aNairobi
260 _bPaulines Publications Africa
260 _c1988
300 _a141p.
300 _b23 cm.
650 _bCatholic church--Africa, Sub-Saharan--Liturgy--Texts--History and criticism
650 _cChristianity and culture--Africa, Sub-Saharan
650 _dCatholic church--Liturgy, Experimental
700 _aOnyancha, Edwin
942 0 0 _02
999 _c94797
_d94797